00412 2200169 4500245005300000020001800053250001100071100002100082700002000103700001500123650001200138005001900150260003900169041001400208084001100222336000900233 aMemberdayakan LingkungancH.A. Kholiq ArifhText a979-1283-32-x aCet. 1 aH.A. Kholiq Arif aHaitamy el-Jaid aHamam Amin aKhotbah a20241018124145 aYogyakartabPustaka Pesantenc2007 aIndonesia a297.37 atext